Molekulové stroje s foto-redox prepínaním
Uložené v:
| Hlavný autor: | |
|---|---|
| Ďalší autori: | |
| Médium: | Rukopis Kniha |
| Jazyk: | Slovak |
| Vydavateľské údaje: |
2018
|
| Predmet: | |
| On-line prístup: | http://is.stuba.sk/zp/portal_zp.pl?podrobnosti=118784 |
| Tagy: |
Žiadne tagy, Buďte prvý, kto otaguje tento záznam!
|
MARC
| LEADER | 00000ntm a22000003a 4500 | ||
|---|---|---|---|
| 001 | stuzp69864 | ||
| 003 | SK-STU | ||
| 005 | 20180623211123.9 | ||
| 007 | ta | ||
| 008 | 150427s2015----xo-----f-mn---000-0-slo-d | ||
| 040 | |a STU |b slo | ||
| 041 | 0 | |a slo | |
| 100 | 1 | |a Jozefjaková, Klaudia |u 045210 |4 aut |U FCHPT Ústav fyzikálnej chémie a chemickej fyziky |T FCHPT Oddelenie fyzikálnej chémie |X 76599 |U C5210 |Y 117 |7 76599 | |
| 242 | 0 | 1 | |a Molecular machines with photo-redox switching |y eng |
| 245 | 1 | 0 | |a Molekulové stroje s foto-redox prepínaním |
| 260 | |c 2018 | ||
| 650 | 4 | |a cyklická voltampérometria |2 slo | |
| 650 | 4 | |a EPR/UV-Vis-NIR spektroelektrochémia |2 slo | |
| 650 | 4 | |a molekulové uchopovače |2 slo | |
| 650 | 4 | |a foto-redox prepínanie |2 slo | |
| 650 | 4 | |a SWV voltampérometria |2 slo | |
| 650 | 4 | |a molecular grippers |2 eng | |
| 650 | 4 | |a photo-redox switching |2 eng | |
| 650 | 4 | |a cyclic voltammetry |2 eng | |
| 650 | 4 | |a SWV voltammetry |2 eng | |
| 650 | 4 | |a EPR/UV-Vis-NIR spectroelectrochemistry |2 eng | |
| 700 | 1 | |a Zalibera, Michal |u 045210 |k Z1 |4 ths |U FCHPT Ústav fyzikálnej chémie a chemickej fyziky |T FCHPT Oddelenie fyzikálnej chémie |X 10082 |U C5210 |Y 117 |7 10082 | |
| 856 | 4 | |u http://is.stuba.sk/zp/portal_zp.pl?podrobnosti=118784 | |